Gardiens de But en équipe de France de Foot depuis 1980 - Statistiques

Statistiques générales
  • Ce quiz a été pris 982 fois
    566 depuis la dernière actualisation
  • Le résultat moyen est 13 sur 29
Statistiques - réponses
Réponse % Correct
Hugo Lloris
99%
Fabien Barthez
96%
Mike Maignan
96%
Steve Mandanda
95%
Alphonse Areola
93%
Bernard Lama
80%
Brice Samba
80%
Grégory Coupet
72%
Mickaël Landreau
64%
Benoît Costil
63%
Stéphane Ruffier
63%
Joël Bats
51%
Lionel Charbonnier
49%
Cédric Carrasso
39%
Ulrich Ramé
38%
Sébastien Frey
33%
Jean-Luc Ettori
32%
Lionel Letizi
32%
Bruno Martini
26%
Dominique Baratelli
16%
Stéphane Porato
16%
Dominique Dropsy
15%
Richard Dutruel
14%
Albert Rust
13%
Jean Castaneda
13%
Philippe Bergeroo
11%
Gilles Rousset
6%
Jean-Pierre Tempet
5%
Pierrick Hiard
4%
Aucun quiz correspondant
Distribution des résultats
% des personnes avec chaque résultat
Percentile par nombre de réponses
Votre historique - résultats
Vous n’avez pas pris ce quiz depuis la dernière actualisation